00262 a2200109 4500001000700000040003500007100002500042240003700067245003200104300000700136362000900143156013 cEscola São Tomás de Aquino aAGUIAR, Luiz Antonio10aVovô vai para as estrelaslpor10aVovô vai para as estrelas a270 a2017